| 000 | 00730nam a22002297a 4500 | ||
|---|---|---|---|
| 005 | 20170124105933.0 | ||
| 010 | _aA-820810 | ||
| 020 | _c00.00 | ||
| 035 | _aA-820810 | ||
| 037 | _bCen Lib/ Ret | ||
| 040 |
_aDPL _bEN |
||
| 082 |
_a338.5 _bMIS |
||
| 100 |
_aMishra, S.K. _98944 |
||
| 245 |
_aMicroeconomics : _cby S.K. Mishra [and] V.K.Puri _b theory and applications / |
||
| 260 |
_aNew Delhi _bHimalaya Publishing House _c1996 |
||
| 270 |
_aPooja Appartment ,4-B Murari Lal Street, Ansari Road, Daryaganj _bNew Delhi _e110002 |
||
| 300 |
_axvii;960p. : _c20cm(Hb) _bill. |
||
| 650 |
_aEconomics _98945 |
||
| 650 |
_aMicro Economics _98946 |
||
| 700 |
_aPuri, V.K. _98604 |
||
| 942 |
_2ddc _cEN _h338.5 _mMIS |
||
| 999 |
_c124025 _d124025 |
||